| 000 | 00636nam a22002297a 4500 | ||
|---|---|---|---|
| 010 | _aA-369446 | ||
| 020 | _c20.00 | ||
| 035 | _aA-369446 | ||
| 037 | _bCen Lib / Ret | ||
| 040 |
_aDPL _bEN |
||
| 082 |
_aS _bCON |
||
| 245 | _aContemporary Indian short stories / | ||
| 250 | _a6th ed | ||
| 260 |
_aNew Delhi _bSahitya Akademi _c1988 |
||
| 270 |
_aRabindra Bhavan, 35, Ferozesah Road _bNew Delhi _e110001 |
||
| 300 |
_a116p _b24cm |
||
| 490 |
_aseries _v1 |
||
| 650 | _aIndia -- Social life and customs -- Fiction. | ||
| 650 | _aShort stories, Indic (English) | ||
| 650 | _aManners and customs. | ||
| 942 |
_2ddc _cEN _hS _mCON |
||
| 999 |
_c136734 _d136734 |
||